LEADER 01353naa a2200253 u 4500 001 000000102149 003 CaOOAMICUS 005 20070226130210.0 008 060327s1971 it u000 u ita u 035 $a11083061 040 $aIAR$bita 041 0 $aita$bger 100 1 $aRossi, Giuseppe Carlo,$d1908-$0(OLS)http://pul/name/5745 245 13$aLa borghesia odierna italiana e tedesca vista dalla cultura iberica /$cGiuseppe C. Rossi. 260 $aMerano/Meran :$bIst.culturale italo-tedesco,$c[1971] 300 $aS. 337-344 ;$c25 cm 500 $adeutsche Zusammenfassung 500 $aIAR: FF-117.08 773 0 $aDas Bürgertum und seine Krise in der deutschen und italienischen Kultur der Gegenwart. 773 0 $aLa borghesia e la sua crisi nella cultura contemporanea italiana e tedesca. 773 0 $aDeutsch-italienisches Kulturinstitut in Südtirol; Akten.$gVIII (1967) 773 0 $aAccademia di studi italo-tedeschi (Merano)$tLa borghesia e la sua crisi nella cultura contemporanea italiana e tedesca nel quadro dell'unità culturale europea : letteratura, storia, politica e sociologia, filosofia e pedagogia$gVIII (1967)$w()22889 996 $6245$aLa borghesia odierna italiana e tedesca vista dalla cultura iberica$9(OLS)http://pul/title/129057 996 $6260$aMerano/Meran :$bIst.culturale italo-tedesco$9(OLS)http://pul/publisher/79184 LEADER 01516nam a2200361 a 4500 001 000000122209 003 CaOOAMICUS 005 20100609174625.0 008 100609t1994 it u000 u ita r 020 $a88-16-30283-6 040 $aPUL$bita$dReb 041 1 $aita$hfre 082 04$a230.4 100 1 $aCongar, Yves,$ccardinale,$d1904-1995.$0(OLS)http://pul/name/368 240 10$aVrai et fausse réforme dans l'Eglise$lItaliano.$0(OLS)http://pul/title/153781 245 10$aVera e falsa riforma nella Chiesa /$cYves Congar. 260 $aMilano :$bJaca Book,$c©1994. 300 $a441 p. ;$c24 cm 490 1 $aGià e non ancora ;$v283 500 $aTraduzione di Stefano Campana. 610 24$aChiesa cattolica$xRiforma.$0(OLS)http://pul/subject/36970 650 4$aTeologia pastorale.$0(OLS)http://pul/subject/1301 650 4$aEcclesiologia.$0(OLS)http://pul/subject/22628 700 1 $aCampana, Stefano.$0(OLS)http://pul/name/76650 830 0$aGià e non ancora ;$v283.$0(OLS)http://pul/title/129 850 $aPUL 852 $aPUL$W1$xSL Religione 3$y85$m230. 4 CONYV 1$j140260$aRistampa$qDDC 21$B139442$CPULBib$Z2$F139442 $H113774 $82 941 1 $a9 960 $aPastorale$91301 996 $6020$a88-16-30283-6$9(OLS)http://pul/number/144540 996 $6082$a230.4$9(OLS)http://pul/classification/602 996 $6245$aVera e falsa riforma nella Chiesa$9(OLS)http://pul/title/153782 996 $6260$aMilano :$bJaca Book$9(OLS)http://pul/publisher/47900